| 000 | 02369cam a22005414i 4500 | ||
|---|---|---|---|
| 003 | PE-LiUPU | ||
| 005 | 20250731184536.0 | ||
| 008 | 160324t20142014inuab rb 001 0 eng d | ||
| 020 | _a1575068966 | ||
| 020 | _z1575061813 | ||
| 020 | _z9781575061818 | ||
| 035 | _a(Sirsi) i9781575068961 | ||
| 035 |
_a(OCoLC)961572028 _z(OCoLC)904276219 _z(OCoLC)962606452 _z(OCoLC)1003207367 |
||
| 040 |
_aAZK _beng _erda _epn _cAZK _dOCLCO _dYDXCP _dCCO _dEBLCP _dCOO _dOCLCF _dOCLCQ _dMOR _dPIFAG _dMERUC _dOCLCQ _dZCU _dPE-LiUPU |
||
| 049 | _aPRUA | ||
| 050 | 4 | _aDS81 | |
| 082 | 0 | 4 |
_a939.44 _bP35 _223 |
| 100 | 1 |
_aPeckham, Brian J., _d1934-2008, _eautor. |
|
| 245 | 1 | 0 |
_aPhoenicia : _bepisodes and anecdotes from the ancient Mediterranean / _cJ. Brian Peckham. |
| 264 | 1 |
_aWinona Lake, Indiana : _bEisenbrauns, _c2014. |
|
| 300 |
_axxi, 586 páginas : _bilustraciones ; _c24 centímetros |
||
| 336 |
_atext _2rdacontent |
||
| 337 |
_aunmediated _2rdamedia |
||
| 338 |
_avolume _2rdacarrier |
||
| 504 | _aIndice : páginas 575-586. | ||
| 505 | 0 | _aCanaan in the eleventh and tenth centuries B.C.E.: the origin of the phoenicians -- The phoenician city-states receive and transmit knowledge: the ninth century -- The phoenician exploration of the mediterranean world: a result of the assyriaca in the eighth century -- The world of tyre in the seventh century -- The sixth-century phoenician world becomes a differentiated semitic and European world -- The carthaginian world of the fifth and fourth centuries: between the persians and the greeks. | |
| 526 | _aP136 | ||
| 526 | _aP135 | ||
| 526 | _aP134 | ||
| 526 | _aP133 | ||
| 526 | _aP144 | ||
| 526 | _aP143 | ||
| 526 | _aP87 | ||
| 526 | _aP35 | ||
| 526 | _aP20 | ||
| 526 | _aP14 | ||
| 526 | _aP10 | ||
| 526 | _aP06 | ||
| 650 | 0 |
_aFenicios _xhistoria. |
|
| 650 | 0 |
_aPhoenicians _xHistory. |
|
| 910 |
_adbm _bncf _cncf _d20171220 |
||
| 942 |
_2ddc _cBOOK |
||
| 949 |
_a939.44 P35 _wDEWEY _c1 _i77664 _lCATALOGING _mBUL _p48.65 _r0 _sY _tBOOK _u2017-12-20 _xPOSGRADO _PP85 _0COMPRA _o.STAFF. Colección Teología. |
||
| 994 |
_aC0 _bPEPRU |
||
| 596 | _a1 | ||
| 999 |
_a939.44 P35 _wDEWEY _c26305 _i77664 _f2021-11-11 _g4 _lCCODEBUL1 _mBUL _p48.65 _r0 _sY _tBOOK _u2017-12-20 _xTEOLOGIA _PP85 _0COMPRA _o.STAFF. Colección Teología. _d26305 |
||
| 980 |
_81 _gALBERTO SANCHEZ Responsable de Automatización |
||